Engineering Mechanics (Record no. 7705)

000 -LEADER
fixed length control field 00512nam a2200193 4500
001 - CONTROL NUMBER
control field 7705
003 - CONTROL NUMBER IDENTIFIER
control field BD-DhUET
008 - FIXED-LENGTH DATA ELEMENTS--GENERAL INFORMATION
fixed length control field 880411s1947 ch ab b 000 0 eng c
040 ## - CATALOGING SOURCE
Original cataloging agency DLC
Transcribing agency DLC
Modifying agency BD-DhUET
082 ## - DEWEY DECIMAL CLASSIFICATION NUMBER
Item number HUA/1967
Classification number 620.1
100 ## - MAIN ENTRY--PERSONAL NAME
Personal name Huang, T. C.
245 00 - TITLE STATEMENT
Title Engineering Mechanics
Statement of responsibility, etc. by T. C. Huang
250 ## - EDITION STATEMENT
Edition statement 1st ed.
260 ## - PUBLICATION, DISTRIBUTION, ETC. (IMPRINT)
Place of publication, distribution, etc. Massachusetts
Name of publisher, distributor, etc. Addison-wesley publishing
Date of publication, distribution, etc. 1967
300 ## - PHYSICAL DESCRIPTION
Extent xi,419p.
Dimensions 26 cm.
500 ## - GENERAL NOTE
General note Volume- 1
Statics
650 #0 - SUBJECT ADDED ENTRY--TOPICAL TERM
Topical term or geographic name as entry element Dynamics-Applied mechanics
942 ## - ADDED ENTRY ELEMENTS (KOHA)
Koha item type General Book
Holdings
Koha normalized classification for sorting Price effective from Lost status Koha date last seen Koha item type Copy number Koha full call number Not for loan Location (home branch) Shelving location Date acquired Sublocation or collection (holding branch) Withdrawn status Source of classification or shelving scheme Damaged status Piece designation (barcode)
620_100000000000000_HUA_19672014-12-11 2014-12-11General Book1620.1/HUA/1967 Central Library, BUETCirculation section2014-12-11Central Library, BUET   62426
620_100000000000000_HUA_19672015-03-28 2015-03-28General Book2620.1/HUA/1967 Central Library, BUETCirculation section2015-03-28Central Library, BUET   70029